Henders / (Record no. 181040)

MARC details
000 -LEADER
campo de control de longitud fija 00811nam a2200253 i 4500
001 - NÚMERO DE CONTROL
campo de control 181040
003 - IDENTIFICADOR DE NÚMERO DE CONTROL
campo de control ES-MaACL
005 - FECHA Y HORA DE LA ÚLTIMA TRANSACCIÓN
campo de control 20251012195251.0
008 - DATOS DE LONGITUD FIJA--INFORMACIÓN GENERAL
campo de control de longitud fija 121005s2010 sp a | |||||||| | spa d
020 ## - NÚMERO INTERNACIONAL ESTÁNDAR DEL LIBRO
Número Internacional Estándar del Libro 978-84-08-09050-2
080 ## - NÚMERO DE LA CLASIFICACIÓN DECIMAL UNIVERSAL
Número de la Clasificación Decimal Universal 821.111(73)-31"19"
100 1# - ENTRADA PRINCIPAL--NOMBRE DE PERSONA
Nombre de persona Fahy, Warren.
9 (RLIN) 151565
245 10 - MENCIÓN DEL TÍTULO
Título Henders /
Mención de responsabilidad, etc. Warren Fahy ; traducción de Gerardo Di Masso.
250 ## - MENCION DE EDICION
Mención de edición 1ª ed.
260 ## - PUBLICACIÓN, DISTRIBUCIÓN, ETC.
Lugar de publicación, distribución, etc. Barcelona :
Nombre del editor, distribuidor, etc. Planeta,
Fecha de publicación, distribución, etc. 2010.
300 ## - DESCRIPCIÓN FÍSICA
Extensión 391 p. :
Otras características físicas il. ;
Dimensiones 24 cm.
490 1# - MENCIÓN DE SERIE
Mención de serie Planeta internacional
700 1# - ENTRADA AGREGADA--NOMBRE PERSONAL
Nombre de persona Masso, Gerardo di,
Fechas asociadas al nombre 1949-
9 (RLIN) 151566
830 0# - PUNTO DE ACCESO ADICIONAL DE SERIE-TÍTULO UNIFORME
Título uniforme Planeta internacional
9 (RLIN) 189078
852 ## - LOCALIZACIÓN
Ubicación ES-MaACL
Número de control de estantería A-12256
itemnumber 187923
Sublocalización o colección R.147190
Ubicación en estantería Depósito 1
Signatura antigua Olim: N-5261
Encuadernación Donación: Arturo Bravo
903 ## - NOMBRE PERSONAL DE DONANTE
9 234203
a Bravo, Arturo
e Donante
942 ## - ELEMENTOS DE ENTRADA SECUNDARIOS (KOHA)
Fuente del sistema de clasificación o colocación Clasificación decimal universal
Tipo de ítem Koha Libro impreso
Holdings
Estatus retirado Estado de pérdida Fuente del sistema de clasificación o colocación Estado de daño No para préstamo Biblioteca de origen Biblioteca actual Ubicación en estantería Fecha de adquisición Fuente de adquisición Total de préstamos Signatura topográfica completa Código de barras Visto por última vez Precio de reemplazo Tipo de ítem Koha
    Clasificación decimal universal     Biblioteca del Ateneo de Madrid Biblioteca del Ateneo de Madrid Depósito 1 05/10/2012 Donación   A-12256 1190250 23/02/2023 23/02/2023 Libro impreso